00575nam a2200169Ia 4500008004100000020001500041041001200056082001600068100001700084245005800101260003000159300001000189650001300199942000700212999001500219952017100234221030s9999 xx 000 0 und d a8186555331 aEnglish a105.23bMit aG. K. Mithal 0aBasic Electronics Devices & Circuitscby G. K. Mithal bG. K. PubaJabalpurc1998 a12.12 aECE & EE cBK c6914d6914 pBE 2686g12.12l0o105.23 Mitr2024-06-13 00:00:00w2022-10-30yBK003Print4070aMIETLIBbMIETLIBcBL-Academic Block- A, FL-1, CUP-11, SH-2, R-2d2001-03-0810HBE